| 000 | 01738nam0a2200361 4500 | ||
|---|---|---|---|
| 001 | RU\NLR\BIBL_A\012500171 | ||
| 005 | 20250624051959.0 | ||
| 010 |
_a5-85129-175-3 _93000 |
||
| 035 | _a(NLR Aleph) 012500171 | ||
| 090 |
_a12224921 _c12224921 |
||
| 100 | _a20210409d2005 |||y0rusy50 ca | ||
| 101 | 0 | _arus | |
| 102 | _aRU | ||
| 105 | _aa|||z|||000zy | ||
| 181 | 0 |
_ai _baxxe |
|
| 182 | 0 | _an | |
| 200 | 1 |
_aСпециалист: образование, компетентность, новаторство _eнаучно-практическое пособие _fС. И. Головко |
|
| 203 |
_aТекст _bвизуальный _cнепосредственный |
||
| 210 |
_aМосква _cЛиберея-Бибинформ _d2005 |
||
| 215 |
_a143, [1] с. _cил., табл. _d21 |
||
| 225 | 1 |
_aБиблиотекарь и время. XXI век _e100 выпусков _fотв. ред.: О. Р. Бородин _vвып. 21 |
|
| 300 | _aНа 4-й с. обл. авт.: Головко С. И. - канд. пед. наук, доц. | ||
| 320 | _aБиблиогр. в примеч.: с. 134-136 (63 назв.) и в тексте | ||
| 606 | 1 |
_aБиблиотечные кадры _jПрактические пособия _xПодготовка _92360881 _3RU\NLR\AUTH\661409811 |
|
| 606 | 1 |
_aБиблиотекари _jПрактические пособия _xПрофессиональная деятельность _92422363 _3RU\NLR\AUTH\6601661047 |
|
| 686 | 1 | _aЧ489.56я7 | |
| 686 | 1 | _aЧ73п.я7 | |
| 700 | 1 |
_aГоловко _bС. И. _gСветлана Ивановна |
|
| 942 | _cBOOK | ||
| 980 | _aNB | ||